El arte moderno
Guardat en:
| Autor principal: | |
|---|---|
| Format: | Llibre |
| Idioma: | espanyol |
| Publicat: |
Madrid
Alianza
1988
|
| Matèries: | |
| Etiquetes: |
Afegir etiqueta
Sense etiquetes, Sigues el primer a etiquetar aquest registre!
|
MARC
| LEADER | 00000nam a2200000 a 4500 | ||
|---|---|---|---|
| 001 | UCV7635 | ||
| 003 | CL-VaPUC | ||
| 008 | 890406e19880000SP |||||||||||||||||spa|d | ||
| 082 | 0 | 4 | |a 709.04 |b SCH |2 21 |
| 100 | 0 | |a Schapiro, Meyer |e author |9 301768 | |
| 245 | 1 | 3 | |a El arte moderno |
| 300 | |a 208 p | ||
| 942 | |c BK | ||
| 945 | |d 19890406 00:00:00 | ||
| 260 | |a Madrid |b Alianza |c 1988 | ||
| 650 | 0 | |a Arte moderno |y Siglos 19-20 |9 265252 | |
| 583 | |a last modification |c 19890406 00:00:00 |k Rodrigo Vera | ||
| 999 | |c 213280 |d 213278 | ||
| 952 | |0 0 |1 0 |4 0 |6 709_040000000000000_SCH_1988 |7 0 |8 R |9 195500 |a BIBART |b BIBART |d 2019-11-14 |i 3538273 |l 1 |o 709.04 SCH 1988 |p 3538273 |r 2025-03-13 |s 2021-08-10 |w 2019-11-14 |y BK_R |k ART | ||